Teach English A training course for teachers : trainer’s handbook
Salvato in:
| Autore principale: | |
|---|---|
| Natura: | Libro |
| Lingua: | English |
| Pubblicazione: |
Cambridge [Cambridgeshire]
Cambridge University Press, in association with the British Council
1988
New York |
| Soggetti: | |
| Tags: |
Aggiungi Tag
Nessun Tag, puoi essere il primo ad aggiungerne! !
|
| Thư viện lưu trữ: | Trung tâm Học liệu Lê Vũ Hùng, Trường Đại học Đồng Tháp |
|---|
| LEADER | 01226pam a22002538a 4500 | ||
|---|---|---|---|
| 001 | 00024387 | ||
| 005 | 20200907090928.0 | ||
| 008 | 110718s1988 ||||||engsd | ||
| 020 | # | # | |a 0521348641 |
| 041 | 0 | # | |a eng |
| 082 | 1 | 4 | |a 428 |b T200A |
| 100 | 1 | # | |a Doff, Adrian |
| 245 | 1 | 0 | |a Teach English |b A training course for teachers : trainer’s handbook |c Adrian Doff |
| 260 | # | # | |a Cambridge [Cambridgeshire] |b Cambridge University Press, in association with the British Council |c 1988 |
| 260 | # | # | |a New York |
| 300 | # | # | |a iv, 286 p |b ill. |c 22 cm. |
| 650 | # | 4 | |a Sách giáo vien |
| 650 | # | 4 | |a Tiếng anh |
| 852 | # | # | |b Kho giáo trình |j KGT.0027797, KGT.0027798, KGT.0027799, KGT.0027800, KGT.0027815, KGT.0027816, KGT.0027817, KGT.0027818, KGT.0027819, KGT.0027820 |
| 852 | # | # | |b Kho mượn |j KM.0006940, KM.0006941, KM.0006942 |
| 852 | # | # | |b Kho đọc |j KD.0008969, KD.0008968 |
| 852 | # | # | |j KM.0006940 |j KM.0006941 |j KD.0008969 |j KGT.0027797 |j KGT.0027798 |j KGT.0027800 |j KGT.0027815 |j KGT.0027817 |j KGT.0027818 |j KGT.0027820 |j KGT.0027799 |j KGT.0027816 |j KGT.0027819 |j KM.0006942 |j KGT.0060488 |
| 910 | 0 | # | |a Ntuyet |d 18/07/2011 |e ltkchi |f 07/09/2020 |
| 980 | # | # | |a Trung tâm Học liệu Lê Vũ Hùng, Trường Đại học Đồng Tháp |


